| 000 | 00389nam a22001577a 4500 | ||
|---|---|---|---|
| 003 | CEME | ||
| 005 | 20210628202230.0 | ||
| 008 | 210301b xxu||||| |||| 00| 0 eng d | ||
| 040 | _c. | ||
| 082 | _a891.4393 NAS | ||
| 100 |
_aBano Qudsia _99437 |
||
| 245 | _aAdhee bat | ||
| 260 |
_aLAHORE _bSANG E MEEL PUBLISHER _c2000 |
||
| 650 |
_aURDU ADAB-NOVEL-ADHEE BAT. _958902 |
||
| 942 |
_cBK _2ddc |
||
| 999 |
_c568981 _d568981 |
||